La ciudad en la novela centroamericana contemporánea /
Zapisane w:
| 1. autor: | |
|---|---|
| Format: | Książka |
| Język: | Spanish |
| Wydane: |
Costa Rica :
Editorial Sede de Occidente,
2019.
|
| Hasła przedmiotowe: | |
| Etykiety: |
Dodaj etykietę
Nie ma etykietki, Dołącz pierwszą etykiete!
|
MARC
| LEADER | 00000nam a22000007a 4500 | ||
|---|---|---|---|
| 008 | 190321b xxu||||| |||| 00| 0 spa d | ||
| 020 | |a 9789930965771 | ||
| 041 | |a spa | ||
| 082 | 0 | |a CR863.09 |b R621c | |
| 100 | 1 | |a Rivera Rivera, Ronald, | |
| 245 | 1 | 3 | |a La ciudad en la novela centroamericana contemporánea / |c Rónald Rivera Rivera. |
| 260 | 1 | |a Costa Rica : |b Editorial Sede de Occidente, |c 2019. | |
| 300 | |a 166 páginas. | ||
| 650 | 0 | 7 | |a LITERATURA CENTROAMERICANA |v NOVELAS |x HISTORIA Y CRITICA |
| 650 | 0 | 7 | |a LITERATURA COSTARRICENSE |x HISTORIA Y CRITICA |9 36 |
| 650 | 0 | 7 | |a ESPACIO URBANO |v LITERATURA CENTROAMERICANA |
| 942 | |2 ddc |c BK | ||
| 999 | |c 22102 |d 22102 | ||



